| 000 | 00442cam a2200193ua 4500 | ||
|---|---|---|---|
| 001 | 9086 | ||
| 008 | 160226n II |||gr||||Z||||||asm | ||
| 040 | _aMAIN | ||
| 041 | _aEnglish | ||
| 082 | _a320 DIB | ||
| 100 | _aDIBRUGARH UNIVERSITY . | ||
| 245 | _aRAJNITI BIGYAN | ||
| 250 | _a2ND. | ||
| 260 |
_a[s.l: _bs.n.] _c1974. |
||
| 300 | _c20CM. | ||
| 653 | _aPolitical science | ||
| 700 |
_aDIBRUGARH UNIVERSITY ., _eAuthor. |
||
| 942 | _cBK | ||
| 999 |
_c9062 _d9062 |
||